[Event "Krefeld op"]
[Site "Krefeld"]
[Date "2023.08.05"]
[Round "6"]
[White "Baur, Philipp"]
[Black "Kasprowski, Henryk"]
[Result "1-0"]
[WhiteElo "1797"]
[BlackElo "1742"]
[PlyCount "79"]
[EventDate "2023.08.02"]
[EventType "swiss"]
[EventRounds "9"]
[EventCountry "GER"]
[SourceTitle "CBM 215 Extra"]
[Source "ChessBase"]
[SourceDate "2023.09.30"]
[SourceVersion "1"]
[SourceVersionDate "2023.09.30"]
[SourceQuality "1"]

1. Nf3 Nf6 2. g3 e6 3. Bg2 d5 4. 0-0 c5 5. c4 Nc6 6. d4 b6 7. Nc3 Bb7 8. cxd5 Nxd5 9. Nxd5 exd5 10. Bf4 Be7 11. dxc5 bxc5 12. Ne5 Nxe5 13. Bxe5 0-0 14. Qb3 Qd7 15. Rfd1 Rfd8 16. Rac1 c4 17. Qc3 f6 18. Bd4 Qe6 19. Qe3 Qxe3 20. Bxe3 Bb4 21. Bd4 a5 22. a3 Be7 23. Bb6 Rdb8 24. Bd4 Rd8 25. Rd2 Rd7 26. Rcd1 a4 27. Bb6 Bd8 28. Bh3 Bxb6 29. Bxd7 Kf7 30. Bf5 g6 31. Be4 dxe4 32. Rd7+ Kg8 33. Rxb7 Ba5 34. Rdd7 c3 35. bxc3 Bxc3 36. Rxh7 f5 37. Rhc7 Be5 38. Ra7 Rb8 39. Rc4 Rb2 40. Rc8# 1-0

[Event "Krefeld op"]
[Site "Krefeld"]
[Date "2023.08.02"]
[Round "1"]
[White "Baur, Philipp"]
[Black "Kraus, Linus"]
[Result "1/2-1/2"]
[WhiteElo "1797"]
[BlackElo "1486"]
[PlyCount "107"]
[EventDate "2023.08.02"]
[EventType "swiss"]
[EventRounds "9"]
[EventCountry "GER"]
[SourceTitle "CBM 215 Extra"]
[Source "ChessBase"]
[SourceDate "2023.09.30"]
[SourceVersion "1"]
[SourceVersionDate "2023.09.30"]
[SourceQuality "1"]

1. Nf3 Nf6 2. g3 e6 3. Bg2 d5 4. d4 c5 5. dxc5 Bxc5 6. 0-0 0-0 7. b3 Nc6 8. Bb2 Qe7 9. Ne5 Nxe5 10. Bxe5 Bd7 11. c4 Bc6 12. Nc3 Rfd8 13. cxd5 Nxd5 14. Qc1 Rac8 15. Qb2 Nxc3 16. Bxc3 Ba3 17. Qc2 Bxg2 18. Kxg2 Bb4 19. Bxb4 Qxb4 20. Rfd1 Rxc2 21. Rxd8+ Qf8 22. Rxf8+ Kxf8 23. Kf3 Ke7 24. Ke3 h5 25. Kd3 Rc5 26. e4 Ra5 27. f4 f6 28. Rc1 Kd7 29. a4 g5 30. Kc4 h4 31. Rd1+ Kc7 32. b4 Rxa4 33. e5 hxg3 34. hxg3 fxe5 35. Kb3 Ra6 36. fxg5 Rd6 37. Rc1+ Kd7 38. Rc3 Rd4 39. Rc5 Rg4 40. Rxe5 Rxg3+ 41. Kc4 Kd6 42. Ra5 a6 43. Kd4 Rg4+ 44. Kc3 Rg3+ 45. Kd4 e5+ 46. Rxe5 Rd3+ 47. Kxd3 Kxe5 48. Kc4 b6 49. g6 Kf6 50. Kd5 Kxg6 51. Kc6 a5 52. bxa5 bxa5 53. Kb5 a4 54. Kxa4 1/2-1/2